00981cam a22002655a 4500001001000000003000900010005001700019008004100036020001800077040004100095082001700136245012600153264007500279300004000354336002600394337002800420338002700448650003100475651001000506653002500516655002400541942001200565999001700577952012100594016385946EG-ScBUE20220905093347.0130508s2012 -hka f 000 0 eng d a9787535656056 aStDuBDSbengerdacStDuBDSdEG-ScBUE04a720222bRIS04aThe rise of innovative architecture :bleading in future through bionics, green concept, high technology and originality. 1aNorth Point, HK :bTang Art Design & Information Group Limited,c2012. a459 pages :billustrations ;c45 cm 2rdacontentatextbtxt 2rdamediaaunmediatedbn 2rdacarrieravolumebnc 7aArchitecture.2BUEsh95773 2BUEsh bENGARCcDecember2016 vReading book934232 2ddccBB c23756d23728 00102ddc40708IMCaMAINbMAINc0THd2016-12-27ePurchaseo720 RISp000040651r2025-07-15 00:00:00w2016-12-27yNB